Hilbert space approach to some classical transforms

Saved in:
Bibliographic Details
Main Author: Picard, Rainer
Format: Book
Language:English
Published: Harlow, Essex england : Longman, c1989
Series:Pitman research notes in mathematics series ; ; 196
Subjects:
Tags: Add Tag
No Tags, Be the first to tag this record!

MARC

LEADER 00000nam a2200000 i 4500
001 1/38729
008 941103s1989 eng d
020 |a 0-582-03189-3 
035 |a 1993  |l 10040836 
040 |a GR-MY-UA  |b gre  |e aacr 
041 0 |a eng 
082 0 |a 515.723 
100 1 |a Picard, Rainer. 
245 1 0 |a Hilbert space approach to some classical transforms /  |c Rainer Picard 
260 |a Harlow, Essex england :   |b Longman,   |c c1989 
300 |a 203 p.;  |c 24 cm. 
490 1 |a Pitman research notes in mathematics series  |v ; 196 
500 |a Includes bibliographical references 
500 |a Lecture notes based on a course held in the winter semester 1983/84 at the University of Bonn, Germany. 
650 0 0 |a Integral transforms. 
650 0 0 |a Spectral theory (Mathematics) 
650 0 0 |a Hilbert space. 
830 0 |a Pitman research notes in mathematics series ;  |v ; 196 
852 |a INST  |b SAMOS  |e 19941103  |h 515.723 PIC  |p 005300007217  |q 005300007217  |t BK  |y 0 
909 |a Σ  |b 030583